000 00746nam a2200289Ia 4500
005 20260324120337.0
008 008 260324s9999 xx 000 0 eng d
020 _a9780429226458
037 _aEBOOK
040 _aCRL
040 _beng
040 _cCRL
041 _2eng
041 _aeng
084 _qCRL
100 _aRichard Kong
_91158187
245 0 _aPower and Energy
245 0 _bProceedings of the International Conference on Power and Energy (CPE 2014), Shanghai, China, 29-30 November 2014
260 _bTaylor and Francis
260 _c2015
365 _a
365 _b120
856 _uhttp://www.taylorfrancis.com/books/9780429226458
942 _cEBOOK
999 _c1749676
_d1749676